000 01884cam a22005174i 4500
003 PE-LiUPU
005 20250731172941.0
008 150623s r 000 0 d
020 _a0310514215
035 _a(Sirsi) i9780310514213
040 _aPE-LiUPU
_bspa
_cPE-LiUPU
_erda
049 _aPRUA
082 0 4 _a222.15
_bM12
_221
100 1 _aMcConville, J. Gordon,
_eautor.
245 1 0 _aGrace in the end :
_ba study of Deuteronomic theology /
_cJ. Gordon McConville.
264 1 _aMichigan :
_bZondervan Publishing House,
_c1993.
300 _a175 páginas ;
_c20 centímetros
336 _atext
_2rdacontent
337 _aunmediated
_2rdamedia
338 _avolume
_2rdacarrier
490 0 _aStudies in Old Testament Biblical Theology
504 _aBibliografía: p. 163-171.
505 0 _aIntroduction. -The Deuteronomic idea in biblical scholarship. -Dating Deuteronomy. -The Deuteronomic Idea in Joshua-Kings. -Deuteronomic theology and the New Testament. -Conclusions.
526 _aSEG42
526 _aSEG41
526 _aSEG40
526 _aSEG39
526 _aP94
526 _aP87
526 _aP86
526 _aP85
526 _aP77
526 _aP76
526 _aP35
630 _aBiblia.
_pA.T.
_pDeuteronomio
_xTEOLOGIA.
630 _aBiblia.
_pA.T.
_pJosué
_xTEOLOGIA.
630 _aBiblia.
_pA.T.
_pJueces
_xTEOLOGIA.
630 _aBiblia.
_pA.T.
_pReyes
_xTEOLOGIA.
630 _aBiblia.
_pA.T.
_pSamuel
_xTEOLOGIA.
942 _2ddc
_cBOOK
949 _a222.15 M12
_wDEWEY
_c1
_i44609
_lCCODEBUL1
_mBUL
_r0
_sY
_tBOOK
_u2015-6-24
_xTEOLOGIA
_PP35
_0COMPRA
_o.STAFF. Colección General
994 _aC0
_bPEPRU
596 _a1
999 _a222.15 M12
_wDEWEY
_c21465
_i44609
_d21465
_f2021-11-9
_g6
_lCCODEBUL1
_mBUL
_q1
_r0
_sY
_tBOOK
_u2015-6-24
_xTEOLOGIA
_PP35
_0COMPRA
_o.STAFF. Colección General
980 _81
_gALBERTO SANCHEZ Responsable de Automatización